00482 a2200157 45000010006000000050017000060080041000230030015000640400040000790800052001192450076001712640033002473000017002800410008002971000019003056106520260407155901.0260407a1952 arg spa dAR-UNSa-BCEJYS aAR-UNSa-BCEJYSbspacAR-UNSa-BCEJYS a342xDerecho constitucional (Derecho Público)10aCompendio de derecho públicopConstitucional, administrativo y fiscal 1aBuenos Aires :b[s.n.]c1952 a3 v.c23 cm. aspa1 aBielsa, Rafael